000 00612nam a2200241Ia 4500
003 OSt
005 20221006144507.0
006 a|||||r|||| 00| 0
007 ta
008 221006b |||||||| |||| 00| 0 eng d
020 _c12.00
024 _a11,798
037 _cTextual
040 _aEASL
_cEASL
_beng
041 _2eng
_aeng
082 _aV41:192.N60, K1
100 _aCHAKRAVARTI P C
245 0 _aIndia China relations
260 _aCalcutta
_bFirma K L
_c1961
300 _a195p.
_ccm.
942 _hV41:192.N60, K1
_cTEXL
_2CC
999 _c1079884
_d1079884